Normal view
MARC view
Entry Personal Name
001 - CONTROL NUMBER
- control field: 47276
003 - CONTROL NUMBER IDENTIFIER
- control field: OSt
005 - DATE AND TIME OF LATEST TRANSACTION
- control field: 20240830145816.0
008 - FIXED-LENGTH DATA ELEMENTS
- fixed length control field: 240830|| aca||aabn | a|a d
040 ## - CATALOGING SOURCE
- Original cataloging agency: OSt
- Transcribing agency: OSt
100 ## - HEADING--PERSONAL NAME
- Personal name: Betts, Julian
670 ## - SOURCE DATA FOUND
- Source citation: Work cat.: (OSt): Betts, Julian , Domina, Thurston; Andrew M. Penner, and Emily K. Penner. Schooled and sorted: How educational categories create inequality
